Team of the Tournament - Europei 1992 - Statistics

Statistiche generali
  • Questo quiz è stato fatto 7 volte
  • Il punteggio medio è 3 su 11
Statistiche sulle risposte
Ruolo Nazione Calciatore % Corretto
Attaccante Paesi Bassi Marco van Basten
83%
Centrocampista Paesi Bassi Ruud Gullit
83%
Portiere Danimarca Peter Schmeichel
67%
Centrocampista Danimarca Brian Laudrup
33%
Attaccante Paesi Bassi Dennis Bergkamp
33%
Difensore Francia Laurent Blanc
33%
Difensore Germania Andreas Brehme
0%
Difensore Francia Jocelyn Angloma
0%
Difensore Germania Jürgen Kohler
0%
Centrocampista Germania Stefan Effenberg
0%
Centrocampista Germania Thomas Häßler
0%
Nessun quiz corrispondente trovato
Distribuzione punteggi
Percentuale di utenti per punteggio
Percentile per numero di risposta
I tuoi punteggi nel tempo
Non hai fatto questo quiz